000 00257nam a2200109Ia 4500
999 _c14354
_d14354
003 OSt
008 260210s9999 xx 000 0 und d
020 _a9781940291482
082 _a720.92
245 0 _aUncharted: The New Landscape of Tourism
942 _cUG
_2ddc